Библиография (Запись № 10331286)

Подробности
000 -МАРКЕР
контрольное поле 01107nam0a22003251 4500
001 - ИДЕНТИФИКАТОР ЗАПИСИ
контрольное поле RU\NLR\A1SV\142074
005 - ИДЕНТИФИКАТОР ВЕРСИИ
контрольное поле 20260405162058.0
035 ## - ДРУГИЕ СИСТЕМНЫЕ НОМЕРА
Идентификатор записи (NLR Aleph) 010841791
100 ## - ДАННЫЕ ОБЩЕЙ ОБРАБОТКИ
Данные общей обработки 20141003d1926 u y0rusy50 ca
101 0# - ЯЗЫК РЕСУРСА
Язык текста, звукозаписи и т.д. русский
102 ## - СТРАНА ПУБЛИКАЦИИ ИЛИ ПРОИЗВОДСТВА
Страна публикации российская федерация
200 1# - ЗАГЛАВИЕ И СВЕДЕНИЯ ОБ ОТВЕТСТВЕННОСТИ
Основное заглавие Библиография
Сведения, относящиеся к заглавию Программа
Первые сведения об ответственности А.Г.Фомин
Последующие сведения об ответственности Высшие курсы библиотековедения при Гос. публ. б-ке
210 ## - ПУБЛИКАЦИЯ, РАСПРОСТРАНЕНИЕ И ДР.
Место издания, распространения и т.д. Л.
Имя издателя, распространителя и т. д. Рос. гос. акад. тип.
Дата издания, распространения и т.д. 1926
215 ## - ФИЗИЧЕСКАЯ ХАРАКТЕРИСТИКА
Специфическое обозначение материала и объем 60, [2] с.
Размеры 18 см
300 ## - ОБЩИЕ ПРИМЕЧАНИЯ
Текст примечания На правах рукоп.
620 ## - МЕСТО И ДАТА ПУБЛИКАЦИИ, ИСПОЛНЕНИЯ И Т. Д.
Город Санкт-Петербург
700 #1 - ИМЯ ЛИЦА - ПЕРВИЧНАЯ ОТВЕТСТВЕННОСТЬ
Код отношения Составитель
Материалы, к которым относится поле rus
Графика поля Кириллица
Начальный элемент ввода Фомин
Часть имени, кроме начального элемента ввода А. Г.
Дополнения к именам, кроме дат литературовед, библиограф
Даты 1887-1939
Расширение инициалов личного имени Александр Григорьевич
Идентификатор авторитетной/нормативной записи RU\NLR\AUTH\7768447
Системный номер авторитетной/нормативной записи 51375
801 #0 - ИСТОЧНИК ЗАПИСИ
Страна российская федерация
Организация NLR
Дата составления 20141003
852 ## - МЕСТОНАХОЖДЕНИЕ И ШИФР ХРАНЕНИЯ
Идентификатор организации NLR
Шифр хранения (Call Number) Б 4/19
852 ## - МЕСТОНАХОЖДЕНИЕ И ШИФР ХРАНЕНИЯ
Идентификатор организации NLR
Шифр хранения (Call Number) 401/Ф 76
899 ## - ДАННЫЕ О МЕСТОНАХОЖДЕНИИ (устаревшее)
Местонахождение БГУНБ
899 ## - ДАННЫЕ О МЕСТОНАХОЖДЕНИИ (устаревшее)
Местонахождение СПбГУ
899 ## - ДАННЫЕ О МЕСТОНАХОЖДЕНИИ (устаревшее)
Местонахождение ГМЗРК
899 ## - ДАННЫЕ О МЕСТОНАХОЖДЕНИИ (устаревшее)
Местонахождение СПбГИК
899 ## - ДАННЫЕ О МЕСТОНАХОЖДЕНИИ (устаревшее)
Местонахождение РГБ
942 ## - ДОПОЛНИТЕЛЬНЫЕ ЭЛЕМЕНТЫ ЗАПИСИ (АБИС)
Тип экземпляра АБИС Книга
980 ## - КОЛЛЕКЦИЯ
Название коллекции Национальная библиография
980 ## - КОЛЛЕКЦИЯ
Название коллекции Международный сводный каталог русской книги (1918-1926)
Экземпляры
Тип экземпляра Дата поступления Библиотека постоянного хранения Библиотека текущего хранения Место хранения Шифр хранения Штрих-код Статус не для выдачи
Книга 26.07.2024 РНБ (Московский) РНБ (Московский) Центральная справочная библиотека 401/Ф 76 1-4645572  
Книга 26.07.2024 РНБ (Московский) РНБ (Московский) Центральная справочная библиотека 401/Ф 76 1-4645573  
Книга 26.07.2024 РНБ (Московский) РНБ (Московский) Центральная справочная библиотека 401/Ф 76 1-4645579